000
00337 a2200157 4500
001
53282
020
_a
040
_c
Anchieta - Pituba
100
_a
MATTA, Vanderlei Barbosa da
240
1
0
_a
1ª Química, I unidade
_l
por
245
1
0
_a
1ª Química, I unidade
300
_a
6
362
0
_a
2016
650
4
_a
Química
942
_c
BK
999
_c
53282
_d
53282